| 000 | 00356nam a2200145Ia 4500 | ||
|---|---|---|---|
| 008 | 240624s9999 xx 000 0 und d | ||
| 041 | _aeng | ||
| 082 | _a342.54 SEE | ||
| 100 | _aSEERVAI H M | ||
| 245 | _aCONSTITUTIONAL LAW OF INDIA II | ||
| 250 | _a(4th ed.) | ||
| 260 |
_c2004 _aDelhi _bUniversal Law Publishing |
||
| 300 | _alxiv, : 1215 | ||
| 365 | _cRS | ||
| 999 |
_c2367 _d2367 |
||